| 000 | 00441nam a22001457a 4500 | ||
|---|---|---|---|
| 003 | NUST | ||
| 020 | _a9787515409764 | ||
| 082 |
_a951.083 _bCON |
||
| 100 |
_aThe Institute of Contemporary China Studies _986516 |
||
| 245 | _aA Concise history of the people's republic of China (1949-2019) | ||
| 260 |
_aBeijing _bContemporary China Publishing House _c2019. |
||
| 300 |
_a233p _bPaperback _c24cm. |
||
| 563 | _aPaperback | ||
| 942 |
_2ddc _cBK |
||
| 999 |
_c608404 _d608404 |
||